MDQL
is popping MORE tags! Check the
thread
!
Quizzes
Events
Quiz Creation
Community
Videos
Private Events
Remove Ads
Sign In
Join for FREE
Feedback
Dark Mode
Quiz Categories
Sports
Geography
Music
Movies
Television
Just For Fun
Miscellaneous
History
Literature
Language
Science
Gaming
Entertainment
Religion
Holiday
For Kids
Quiz Lab
Recent
Popular Today
Quiz Kudos Today
Editor Picks
Curator Picks
Quizzes by...
Day
Popularity
Type
Ratings
Length
Year
Community
Subscriptions
Recent Discussions
Orange Saloon
Badges
Playlists
Quests
Create
Leaderboards
Showdown
Live 5
Trivia Bingo
Activity
Puzzle Library
Sporcle Events
Private Events
Virtual Trivia
Globe League
Become a Host
Pub Owners
SporcleCon
Opinionation
Our Games
Videos
Blog
Mobile Apps
Partnerships
Remove Ads and Go Orange
Feedback
Sports
Athletes
MLB
NBA
NHL
NFL
Soccer
Sports Teams
WWE
NCAA
Football
Premier League
Basketball
Baseball
Hockey
Golf
Tennis
Cricket
Rugby
Auto Racing
Olympics
World Cup
Sports
Athletes
MLB
NBA
NHL
NFL
Soccer
Sports Teams
WWE
NCAA
Football
Premier League
Basketball
Baseball
Hockey
Golf
Tennis
Cricket
Rugby
Auto Racing
Olympics
World Cup
Random Quiz
Search Sporcle
×
Quiz Lab
Quiz Lab
Sports
WWE
Type in answers that appear in a list
Type in answers that appear in a list
Classic
Best Score? Go Orange.
WWE Royal Rumble 1991 Stats
Can you name the WWE Royal Rumble 1991 Participants?
By
cardenharry92
10m
30 Questions
223 Plays
223 Plays
223 Plays
Comments
Comments
Give Quiz Kudos
Give Quiz Kudos
-
- Ratings
hide this ad
Replay
Link that replays current quiz
Next Quiz
Link to next quiz in quiz playlist
You Got
0%
They Got
Avg Score
80%
Avg Friend Score
Upgrade to see
Score Distribution
Jump to the score distribution portion of the page
Score
0/30
Timer
10:00
0
Plays Today
#
Wrestler
% Correct
24 (Winner)
Hulk Hogan
96.4%
1
Bret Hart
96%
16
Hawk
89.7%
19
Animal
89.7%
18
Randy Savage
87.9%
22
Earthquake
87%
12
The Undertaker
84.8%
26
Jim Neidhart
83.4%
29
The Warlord
83.4%
15
Smash
83%
2
Dino Bravo
82.5%
6
Rick Martel
81.6%
20
Crush
81.6%
3
Greg Valentine
80.7%
23
Mr. Perfect
80.3%
#
Wrestler
% Correct
14
Davey Boy Smith
79.4%
9
Jake Roberts
78.9%
10
Hercules
78.5%
11
Tito Santana
78.5%
25
Haku
78%
8
Butch
77.1%
30
Tugboat
77.1%
13
Jimmy Snuka
75.8%
21
Jim Duggan
74.9%
27
Luke
74.9%
5
Texas Tornado
73.5%
28
Brian Knobbs
73.5%
4
Paul Roma
73.1%
7
Saba Simba
62.3%
17
Shane Douglas
60.1%
Quiz Playlist
Details
Report
Send in Message
Add To Playlist
Classic:
Type in answers that appear in a list
Last Updated: Feb 16, 2017
Quiz Scoreboard
CHALLENGE
Sign Up to Join the Scoreboard
Show All
Scores
Hide
Comments
May contain spoilers
Recently Published
1-10 Letter E Words III
by El_Dandy
Language
2m
Street Fighter Characters
by Artimus82
Gaming
60s
College Basketball Coaching Resumes
by pancakes188
Sports
9m
More to Explore
Quiz From the Vault
Featured Blog Post
Where Did the Easter Bunny Come From?
hide this ad
You Might Also Like...
Tags
WWE Quiz
1991
Royal Rumble
WWF
Today's Top Quizzes in Sports
Browse Sports
hide this ad
Today's Top Quizzes in WWE
Browse WWE
Top Contributed Quizzes in Sports
1
2022 World Cup Stars
2
Les meilleurs buteurs des matchs entre le PSG et l’OM
3
FIFA Club World Cup Champions
4
Les entraîneurs de l'OM et du PSG au 21e siècle
5
Criteria MLB: Left Handed Sluggers
6
2023 MLB Unique Player Accomplishments
7
AFC Teams Reveal (Wrong Answers Minefield)
8
Players with Multiple 50 Home Run Seasons
9
5-to-1: FBS Animal Nicknames
10
5-to-1: UK Sports Teams
Explore More
Trending Topics
NBA
Anime
Disney
Crossword
Marvel
Kpop
Harry Potter
Country
NFL
Pokémon
The Office
WWE
Puzzle
Song
Soccer
hide this ad
More By:
cardenharry92
Quiz
Plays
Rating
Category
Featured
Created
AJ Styles WWE PPV Opponents
7,972
4.13
Sports
Sep 4, 2016
WWE Roster 2018
4,478
3.40
Sports
Dec 10, 2016
WWE Royal Rumble 2017 Participants
2,433
2.88
Sports
Jan 30, 2017
WWE Draft 2018 (Superstar Shakeup)
1,616
4.00
Sports
Apr 18, 2018
WWE Draft 2017 (Superstar Shakeup)
1,603
3.50
Sports
Apr 12, 2017
Go to Creator's Profile
Score Distribution
Quiz Creator Spotlight
cardenharry92
Follow
Send a Message
Quizzes Created
-
Created Quiz Play Count
-
More By This Creator
Popular Quizzes Today
1
Find the US States - No Outlines Minefield
2
Find the Countries of Europe - No Outlines Minefield
3
The Countries of the World
4
Find the US States
5
Risky Map Clicking: Biggest States A-Z
6
US States
7
Popular People in 1961
8
Movies - When Are They Set?
More Sports Quizzes
NHL Awards Crossword
Curator's Pick
Trending Quizzes
Risky Map Clicking: Least Populous States A-Z
1-10 Letter G Words
USA Borders Longest to Shortest
1-10 Letter F Words
Countries of the World: 200 Million BC
Recently Updated
Leaping Animals
pecheneg
Reality TV Shows (A-Z)
bhenderson79
Rickey Henderson's Hall of Fame Teammates
pecheneg
Champions League XIs: Arsenal
pecheneg
Quick Pick: Celebrities in WWE's Hall of Fame
aduchscher
A-Z Keypad Blitz II
pecheneg
Multiple Oscar Actors
pecheneg
Mystery Phrase Blitz: Oscar 'Best Actors'
pecheneg
F. Scott Fitzgerald Novels
LTH
Pick 3 Villains
ddd62291
Trending Topics
Crossword
Anime
Harry Potter
Marvel
Disney
NBA
Kpop
Country
Soccer
NFL
Song
Pokémon
WWE
The Office
Puzzle
Your Account Isn't Verified!
In order to create a playlist on Sporcle, you need to verify the email address you used during registration. Go to your
Sporcle Settings
to finish the process.
Report this User
Report this user for behavior that violates our
Community Guidelines
.
Details:
Send Report
Go to the Sporcle.com Mobile Site →
Comments